000 00596cam a22002053a 4500
001 37010
003 PGUSA
005 20140828083819.0
008 110809s2011||||xxu|||||s|||||000 | eng d
040 _aPGUSA
_beng
042 _adc
100 1 _aChester, George Randolph,
_d1869-1924
245 1 0 _aGet-Rich-Quick Wallingford
_h[electronic resource] /
_cGeorge Randolph Chester
260 _bProject Gutenberg,
_c2011
506 _aPublic domain in the USA.
516 _aElectronic text
830 0 _aProject Gutenberg
_v37010
856 4 0 _uhttp://www.gutenberg.org/ebooks/37010
942 _cEB
999 _c266265
_d266265